Životný štýl ako determinant zdravia
Životný štýl a jeho chápanie. Zdravie a zdravý životný štýl. Prieskum životného štýlu mládeže v rokoch 2011-2017. Interpretácia výsledkov prieskumu. Odporúčania a osveta.
Salvato in:
| Autore principale: | |
|---|---|
| Altri autori: | , |
| Natura: | Capitolo di libro |
| Lingua: | slovacco |
| Soggetti: | |
| Tags: |
Nessun Tag, puoi essere il primo ad aggiungerne!!
|
MARC
| LEADER | 00000naa$a2200000$$$4500 | ||
|---|---|---|---|
| 001 | 0249933 | ||
| 005 | 20240502083712.6 | ||
| 041 | 0 | |a slo | |
| 044 | |a CZ | ||
| 245 | 1 | 0 | |a Životný štýl ako determinant zdravia |c Vanda Lieskovská, Silvia Megyesiová, Monika Čonková |
| 520 | |a Životný štýl a jeho chápanie. Zdravie a zdravý životný štýl. Prieskum životného štýlu mládeže v rokoch 2011-2017. Interpretácia výsledkov prieskumu. Odporúčania a osveta. | ||
| 610 | 2 | 0 | |a štýl životný |
| 610 | 2 | 0 | |a zdravie |
| 610 | 2 | 0 | |a mládež |
| 610 | 2 | 0 | |a prevencia |
| 610 | 2 | 0 | |a kvalita života |
| 610 | 2 | 0 | |a prieskum štatistický |
| 610 | 2 | 0 | |a školstvo |
| 100 | 1 | |a Lieskovská, Vanda, 1961- | |
| 700 | 1 | |a Megyesiová, Silvia, 1969- | |
| 700 | 1 | |a Čonková, Monika, 1976- | |